000 00753nam a2200265 a 4500
999 _c2767
_d2767
006 a||||go||d| 00| 0
007 cr |||||||||||
008 861201s1987 enka o 001 0 eng d
020 _a9780408013130
_c(ebook)
040 _aKO
_beng
044 _aenk
082 0 0 _a623.85
_219
100 1 _aTaylor, D. A.,
245 1 0 _aMarine control practice /
_cD.A. Taylor.
260 _aLondon :
_bButterworths,
_c1987.
300 _a1 online resource
440 0 _aMarine engineering series
500 _aIncludes index.
650 0 _aMarine engines
_xAutomatic control.
650 0 _aMarine machinery
_xAutomatic control.
856 4 4 _uhttps://www.sciencedirect.com/science/book/9780408013130
904 _aA_BOSE
942 _cEB